Rizikový manažment a kalkulácia cien v stavebníctve

Problematika riadenia cenového rizika. Ako príklad na možnosti vzniku cenového rizika a možnosti jeho znižovania v konkrétnej praxi je uvedený rizikový manažment a kalkulácia cien v priemyselnej oblasti - stavebníctvo.

Gespeichert in:
Bibliographische Detailangaben
1. Verfasser: Cenková, Marianna
Format: Buchkapitel
Sprache:Slowakisch
Schlagworte:
Tags: Tag hinzufügen
Keine Tags, Fügen Sie das erste Tag hinzu!

MARC

LEADER 00000naa$a2200000$$$4500
001 0015148
005 20240502071401.2
041 0 |a slo 
044 |a SK 
245 1 0 |a Rizikový manažment a kalkulácia cien v stavebníctve  |c Marianna Cenková 
520 |a Problematika riadenia cenového rizika. Ako príklad na možnosti vzniku cenového rizika a možnosti jeho znižovania v konkrétnej praxi je uvedený rizikový manažment a kalkulácia cien v priemyselnej oblasti - stavebníctvo. 
610 2 0 |a risk management 
610 2 0 |a kalkulácia cenová 
610 2 0 |a stavebníctvo 
610 2 0 |a metodika 
100 1 |a Cenková, Marianna